• 首页
  • 本馆介绍
  • 公告通知
  • 最新文献
  • 馆藏检索
  • 电子资源
  • 读者导购
  • 参考咨询
  • 我的图书馆
  • 登录
  • 详细信息显示
  • 放入我的书架
  • 预约/预借图书
  • 作者相关作品
  • 分类相关作品
  • 丛书相关作品
  • 出版社相关作品

书目信息

  • 表格格式
  • 工作单格式
  • 卡片格式
题名:
专利检索与分析实用手册
    
 
作者: 知舍 著
分册:  
出版信息: 北京   知识产权出版社  2022.01
页数: 164页
开本: 26cm
丛书名:
单 册:
中图分类: G254.97-62 , G306-62
科图分类:
主题词: 专利--zhuan li--信息检索--手册 , 专利--zhuan li--情报分析--手册
电子资源:
ISBN: 978-7-5130-8036-1
000 01433nam0 2200289 450
001 012001001592
005 20141202160140.0
010    @a978-7-5130-8036-1@dCNY68.00
099    @aCAL 012022026424
100    @a20220905d2022 em y0chiy50 ea
101 0  @achi
102    @aCN@b110000
105    @aa a 000yy
106    @ar
200 1  @a专利检索与分析实用手册@Azhuan li jian suo yu fen xi shi yong shou ce@ePatentics操作指南@f知舍著
210    @a北京@c知识产权出版社@d2022.01
215    @a164页@c图@d26cm
320    @a有书目 (第163页)
330    @a本书主要介绍了集专利检索及专利分析于一体的Patentics系统, 包括微信版、网络版及客户端。在阐述一般专利检索及专利分析流程的基础上, 详细介绍了Patentics的各种特色功能及操作方法, 具体涉及语义检索、分类器数据处理以及自动化的可视化, 使读者全面精准地拿握Patentics系统。入门轻松: 本书从最基础的认识界面开始, 逐一介绍各种功能模块的使用方法, 力求零基础的读者能轻松入门。由浅入深: 通过长期观察Patentics用户的状况, 将相关知识点按照由浅入深的模式介绍, 方便用户合理地安排学习顺序。主次分明: 本书以简洁实用为原则, 有选择地重点讲解常用的工具和操作, 对不常用的则进行了省略或简化。
517 1  @aPatentics操作指南@APatentics cao zuo zhi nan
606 0  @a专利@Azhuan li@x信息检索@j手册
606 0  @a专利@Azhuan li@x情报分析@j手册
690    @aG254.97-62@v5
690    @aG306-62@v5
701  0 @a知舍@Azhi she@4著
801  0 @aCN@bAHXH@c20221111
905    @b1371330-2@dG254.97-62@e166@f3
    
    专利检索与分析实用手册:Patentics操作指南/知舍著.-北京:知识产权出版社,2022.01
    164页:图;26cm
    
    
    ISBN 978-7-5130-8036-1:CNY68.00
    本书主要介绍了集专利检索及专利分析于一体的Patentics系统, 包括微信版、网络版及客户端。在阐述一般专利检索及专利分析流程的基础上, 详细介绍了Patentics的各种特色功能及操作方法, 具体涉及语义检索、分类器数据处理以及自动化的可视化, 使读者全面精准地拿握Patentics系统。入门轻松: 本书从最基础的认识界面开始, 逐一介绍各种功能模块的使用方法, 力求零基础的读者能轻松入门。由浅入深: 通过长期观察Patentics用户的状况, 将相关知识点按照由浅入深的模式介绍, 方便用户合理地安排学习顺序。主次分明: 本书以简洁实用为原则, 有选择地重点讲解常用的工具和操作, 对不常用的则进行了省略或简化。
●
相关链接 在E读中查询图书 在五车中查询图书 在当当中查询图书 在豆瓣中查询图书


正题名:专利检索与分析实用手册     索取号:G254.97-62/166         预约/预借

序号 登录号 条形码 馆藏地/架位号 状态 备注
1 1371330   213713301   第一样本阅览室/ [索取号:G254.97-62/166] 在馆    
2 1371331   213713310   第四借阅区/ [索取号:G254.97-62/166] 在馆    
3 1371332   213713329   第四借阅区/ [索取号:G254.97-62/166] 在馆    
唐山师范学院图书馆 欢迎您!
大连网信软件有限公司© 版权所有